000 01402nam a2200373 a 4500
999 _c8579
_d8579
001 8579
003 BD - JhCC
005 20180227183805.0
008 500101s1974 enka 000 0 eng d
020 _a0199200696
020 _a019920070X (pbk.)
035 _a(BD - JhCC)8579
040 _aBD-JhCC
_dBD-JhCC
041 _aeng
050 _aHC59.7.R365
082 _a339.2/09172/4
_218
082 _a339.2/09172/4
_218
_bRED 1974
245 0 0 _aRedistribution with growth :
_bpolicies to improve income distribution in developing countries in the context of economic growth /
_cby Hollis Chenery, Montek S. Ahluwalia, C.L.G. Bell, John H. Duloy, Richard Jolly.
260 _aOxford University Press :
_bLondon,
_c1974.
300 _axx, 304 p. :
_bill. ;
_c25 cm.
500 _a"A joint study by the World Bank's Development Research Center and the Institute of Development Studies, University of Sussex."
504 _aBibliography: p.291-304.
650 0 _aIncome distribution
_xDeveloping countries
_xCongresses.
651 0 _aDeveloping countries
_xEconomic policy
_xCongresses
700 1 _aChenery, Hollis Burnley.
700 1 _aAhluwalia, Montek S.
700 1 _aBell, C.L.G.
700 1 _aDuloy, John H.,
_d1932-
700 1 _aJolly, Richard.
710 2 _aInstitute of Development Studies (Brighton, England)
710 2 _aWorld Bank.
942 _2ddc
_cBK